Pesticide formulations - Present trends and recent developments (Record no. 64841)

MARC details
000 -LEADER
fixed length control field 00335nam a2200121Ia 4500
100 ## - MAIN ENTRY--AUTHOR NAME
Personal name Abdul Rani Abdullah
245 #0 - TITLE STATEMENT
Title Pesticide formulations - Present trends and recent developments
260 ## - PUBLICATION, DISTRIBUTION, ETC. (IMPRINT)
Name of publisher Planter
Year of publication 1993
300 ## - PHYSICAL DESCRIPTION
Number of Pages 13-Mar
650 ## - SUBJECT ADDED ENTRY--TOPICAL TERM
Topical Term Pesticide formulations
942 ## - ADDED ENTRY ELEMENTS (KOHA)
Koha item type Journals
Holdings
Withdrawn status Lost status Damaged status Not for loan Home library Current library Shelving location Date acquired Serial Enumeration / chronology Koha item type
      Journals RRII Library RRII Library Pathology 17/12/2021 Volume 69, Issue 802 Journals